| 000 | 00357nam a2200121Ia 4500 | ||
|---|---|---|---|
| 008 | 220204s9999 xx 000 0 und d | ||
| 020 | _a8187592001 | ||
| 082 |
_a912(036)(540.17) _bNES |
||
| 245 | 0 | _aNest and wings guide to Darjeeling area including Siliguri, Mirik, Kurseong, Kalimpong | |
| 250 | _aEd.25 | ||
| 260 |
_aNew Delhi _bNest & Wings |
||
| 942 | _cBK | ||
| 999 |
_c42406 _d42406 |
||